LEADER 01151nam a2200277 i 4500 001 000000176730 003 CaOOAMICUS 005 20090213000000.0 008 090213s1978 it u000 u ita u 013 $a154219 040 $aSeMil$bita 100 1 $aZamboni, Giuseppe <1875-1950>.$0(OLS)http://semarc/name/1560 245 10$aDizionario filosofico /$cGiuseppe Zamboni ; introduzione e note di Ferdinando L. Marcolungo. 260 $aMilano :$bVita e Pensiero,$c1978. 300 $aXIV, 300 p. ;$c22 cm. 490 0 $aScienze filosofiche ;$v18 500 $aFondo Card. Giovanni Colombo. 650 4$aFilosofia - Enciclopedie e dizionari.$0(OLS)http://semarc/subject/543 700 1 $aMarcolungo, Ferdinando Luigi.$0(OLS)http://semarc/name/17372 830 0$aScienze filosofiche ;$v18.$0(OLS)http://semarc/title/6934 850 $aSeMil 852 $aSeMil$W1$xVenegono$y1$m2P III 518$j127550$B127550$CSeMilBibl$Z2$F139319 $81 941 1 $a3 961 $aLascito: Colombo Card. Giovanni 996 $6245$aDizionario filosofico$9(OLS)http://semarc/title/133048 996 $6260$aMilano :$bVita e Pensiero$9(OLS)http://semarc/publisher/29642 LEADER 00963nam a2200217 i 4500 001 000000215442 003 CaOOAMICUS 005 20120823000000.0 008 120823s1961 it u000 u ita u 013 $a194315 040 $aSeMil$bita 245 10$aBologna e la cultura dopo l'Unita d'Italia. 260 $aBologna :$bZanichelli,$cstampa 1961. 300 $aVI, 272 p. ;$c24 cm. 500 $aScritti di Giovanni Spadolini, Francesco Flora, Carlo Del Grande, Mario Vinciguerra, Arturo Carlo Jemolo, Antonio Pignedoli. - Esemplare n. 239. 650 4$aBologna - Università - Storia.$0(OLS)http://semarc/subject/23941 650 4$aBologna - Storia.$0(OLS)http://semarc/subject/40139 850 $aSeMil 852 $aSeMil$W1$xVenegono$y1$m3P IV 138$j165862$B165862$CSeMilBibl$Z2$F176822 $81 996 $6245$aBologna e la cultura dopo l'Unita d'Italia$9(OLS)http://semarc/title/310151 996 $6260$aBologna :$bZanichelli$9(OLS)http://semarc/publisher/29934